Top 30 najłatwiejszych języków do nauki - Statystyki

Ogólne statystyki
  • Ten quiz został rozwiązany 45 razy
  • Średni wynik to 12 z 30
Statystyki odpowiedzi
Wskazówka Odpowiedź % Poprawnych
9. Angielski
97%
4. Hiszpański
97%
5. Włoski
95%
6. Portugalski
87%
15. Grecki
61%
7. Norweski
61%
26. Arabski
58%
17. Czeski
58%
8. Szwedzki
58%
21. Turecki
58%
10. Niderlandzki
53%
19. Koreański (Hangul)
45%
16. Rumuński
39%
25. Hindi
34%
27. Islandzki
32%
28. Słoweński
32%
11. Fiński
29%
1. Esperanto
26%
12. Tajski
24%
24. Łaciński
21%
20. Wietnamski
21%
18. Hebrajski
18%
3. Malajski
16%
29. Maltański
16%
14. Suahili
16%
13. Filipiński (Tagalog)
13%
2. Indonezyjski
11%
30. Zulú
5%
22. Bahasa Melayu
3%
23. Galicyjski
3%
Nie znaleziono quizów pasujących do podanych kryteriów
Rozkład punktacji
Procent ludzi z każdym wynikiem
Percentyl według liczby udzielonych odpowiedzi
Twoja historia wyników
Nie rozwiązałeś tego quizu